000 01216nam a22003257a 4500
001 BR9000072
003 BR-BrBNA
005 20230928093340.0
007 ta
008 230509b bl.||||| |||| 00| 0 por d
040 _aBR-BrBNA
_bpor
_cBiblioteca Nacional de Agricultura
041 _a(Por)
072 _aJ10
_b0120
_b0150
_b0180
_b4020
090 _ 0120 BR9000072
100 1 _aPacheco, I.A.
110 1 _aEscola Superior de Agricultura Luiz de Queiroz, Piracicaba, SP (Brasil)
_0Tese (Doutorado)
245 1 _aDeterminacao do comportamento do gorgulho Sitophilus zeamais Motschulsky, 1855 (Coleoptera, Curculionidae)em graos de milho, arroz e trigo pelo tracador radioativo Iodo-131
246 1 _aDetermination of behaviour of the corn weevil Sitophilus zeamais Motschulsky, 1855 (Coleoptera, Curculionidae)in corn, rice and wheat grains by using radioactive tracer Iodine-131
260 3 _aPiracicaba, SP (Brasil):
_c1989.
300 _a75 p.
500 _aSummaries (Eng, Por); 19 ref.; 6 illus.; 30 tables
650 _aMILHO
650 _aARROZ
650 _aTRIGO
650 _aGORGULHO
650 _aRAIO GAMA
650 _aIODO
909 _a202309
_bLucia
_c55
_dLucia Elande
942 _cBK
999 _c44468
_d44468